KOHA-Header-6

Business Communication Today (Record no. 2886)

000 -LEADER
fixed length control field 00359nam a2200157Ia 4500
003 - CONTROL NUMBER IDENTIFIER
control field OSt
005 - DATE AND TIME OF LATEST TRANSACTION
control field 20190921152821.0
008 - FIXED-LENGTH DATA ELEMENTS--GENERAL INFORMATION
fixed length control field 190902s9999||||xx |||||||||||||| ||und||
020 ## - INTERNATIONAL STANDARD BOOK NUMBER
International Standard Book Number 978-0133131116
040 ## - CATALOGING SOURCE
Transcribing agency maju
100 ## - MAIN ENTRY--PERSONAL NAME
Personal name Bovee Thill
245 #0 - TITLE STATEMENT
Title Business Communication Today
260 ## - PUBLICATION, DISTRIBUTION, ETC. (IMPRINT)
Place of publication, distribution, etc London
Name of publisher, distributor, etc Prentice Hall
300 ## - PHYSICAL DESCRIPTION
Extent 692
942 ## - ADDED ENTRY ELEMENTS (KOHA)
Koha item type Books
Source of classification or shelving scheme
Holdings
Withdrawn status Lost status Damaged status Not for loan Collection code Permanent Location Current Location Shelving location Date acquired Barcode Date last seen Price effective from Koha item type
        Business MAJU MAJU   2019-09-02 6554 2019-09-02 2019-09-02 Business

Powered by Koha